<?xml version="1.0" encoding="UTF-8"?>
<record
    xmlns:xsi="http://www.w3.org/2001/XMLSchema-instance"
    xsi:schemaLocation="http://www.loc.gov/MARC21/slim http://www.loc.gov/standards/marcxml/schema/MARC21slim.xsd"
    xmlns="http://www.loc.gov/MARC21/slim">

  <leader>00461    a2200109   4500</leader>
  <controlfield tag="001">ART_17227</controlfield>
  <controlfield tag="005">20260410161854.0</controlfield>
  <controlfield tag="008">260409a                                 </controlfield>
  <datafield tag="245" ind1="1" ind2="0">
    <subfield code="a">Algunos aspectos de la reforma proyectada en la Teor&#xED;a General de los Contratos. Principios, definici&#xF3;n, clasificaci&#xF3;n y categor&#xED;a contractuales.</subfield>
  </datafield>
  <datafield tag="100" ind1="1" ind2=" ">
    <subfield code="a">Caramelo, Gustavo</subfield>
  </datafield>
  <datafield tag="773" ind1="0" ind2=" ">
    <subfield code="t">Derecho privado</subfield>
    <subfield code="g">Reforma del C&#xF3;digo Civil III - A&#xF1;o II, N&#xBA; 4 (mar. 2013)</subfield>
    <subfield code="w">REV10455</subfield>
  </datafield>
  <datafield tag="999" ind1=" " ind2=" ">
    <subfield code="c">25313</subfield>
    <subfield code="d">25313</subfield>
  </datafield>
</record>
